000 00593nam a2200205Ia 4500
005 20250326145046.0
008 250326s9999 xx 000 0 und d
037 _aTextbook
040 _aFMSL
_beng
_cFMSL
041 _aeng
_2eng
084 _aX:512 P9
_qFMSL
100 _aHancock J
_9748790
245 0 _aBrand story: ralph, vera, johnny, billy and other adventures in fashion branding
_cHancock J
260 _aNY
_bNY, Fairchild
_c2009
300 _a216p
365 _b4035.9000000000001
650 _aManagement
942 _cTB
_hX:512 P9
999 _c1306224
_d1306224